000 00288nam a2200121Ia 4500
008 190216s9999||||xx |||||||||||||| ||und||
100 _aGlenn H Brown
245 0 _aAdvances In Liquid Crystals
260 _bAcademic Foundation
_c1975
300 _a320p
650 _aChemistry
942 _cBK
999 _c2421
_d2421